[Event "CAN-op"]
[Site "Edmonton CAN"]
[Date "2009.07.15"]
[Round "5.8"]
[White "Gardner, Robert"]
[Black "Porper, Edward"]
[Result "0-1"]
[WhiteElo "2272"]
[BlackElo "2510"]
[PlyCount "94"]
[EventDate "2009.07.11"]
[EventType "swiss"]
[EventRounds "9"]
[EventCountry "CAN"]

1. f4 c5 2. Nf3 Nc6 3. e4 g6 4. Be2 Bg7 5. O-O e6 6. c3 d5 7. d3 Nge7 8. Kh1 b6
9. Be3 Bb7 10. a4 Qc7 11. Na3 Rd8 12. e5 a6 13. d4 c4 14. Nb1 Nf5 15. Bf2 h5
16. Nh4 Nce7 17. Nd2 Bh6 18. Nxf5 Nxf5 19. g3 Kd7 20. Kg2 g5 21. Bxh5 gxf4 22.
g4 Rdg8 23. Kh1 Ne7 24. Bxf7 Rf8 25. Bh5 Kc8 26. Nf3 Bc6 27. Bh4 Bg7 28. Ng5
Qd7 29. Nh3 Ng6 30. Bg5 Bxe5 31. Ng1 Bd6 32. Bxg6 Qg7 33. Qc2 Rhg8 34. Nh3 Qxg6
35. Qxg6 Rxg6 36. Rf2 e5 37. a5 Rh8 38. Kg2 Rxh3 39. Kxh3 Rxg5 40. dxe5 Rxe5
41. axb6 Kb7 42. Raf1 Re4 43. g5 Bd7+ 44. Kh4 f3+ 45. Kh5 Be8+ 46. g6 Be7 47.
Kh6 Bf6 0-1

[Event "CAN-op"]
[Site "Edmonton CAN"]
[Date "2009.07.18"]
[Round "8.2"]
[White "Adams, Michael"]
[Black "Porper, Edward"]
[Result "1/2-1/2"]
[WhiteElo "2699"]
[BlackElo "2510"]
[PlyCount "66"]
[EventDate "2009.07.11"]
[EventType "swiss"]
[EventRounds "9"]
[EventCountry "CAN"]

1. e4 Nf6 2. e5 Nd5 3. d4 d6 4. Nf3 Nc6 5. c4 Nb6 6. exd6 exd6 7. Be2 Be7 8.
O-O O-O 9. d5 Ne5 10. Nxe5 dxe5 11. Nc3 Bc5 12. Be3 Bxe3 13. fxe3 Qg5 14. Qd3
Bg4 15. Bxg4 Qxg4 16. e4 Nd7 17. h3 Qg6 18. Kh2 a6 19. b4 Qb6 20. a3 Qd4 21.
Rad1 Qxd3 22. Rxd3 b6 23. Rc1 Rfb8 24. g4 Kf8 25. Kg3 Ke8 26. g5 Rc8 27. Rf1 a5
28. b5 f6 29. gxf6 gxf6 30. d6 c6 31. c5 Nxc5 32. d7+ Nxd7 33. Rd6 cxb5 1/2-1/2

[Event "CAN-op"]
[Site "Edmonton CAN"]
[Date "2009.07.19"]
[Round "9.3"]
[White "Porper, Edward"]
[Black "Ganguly, Surya Shekhar"]
[Result "1-0"]
[WhiteElo "2510"]
[BlackElo "2637"]
[PlyCount "115"]
[EventDate "2009.07.11"]
[EventType "swiss"]
[EventRounds "9"]
[EventCountry "CAN"]

1. d4 Nf6 2. Nf3 g6 3. c4 Bg7 4. Nc3 O-O 5. e4 d6 6. Be2 e5 7. d5 a5 8. Bg5 h6
9. Be3 Ng4 10. Bc1 Na6 11. O-O Nc5 12. g3 Nf6 13. Qc2 Qe8 14. Nh4 Bh3 15. Re1
Nfd7 16. Nb5 Na6 17. Bd2 c6 18. Nxd6 Qb8 19. c5 Naxc5 20. Nc4 cxd5 21. exd5 b6
22. Bc3 Nb7 23. b4 Rc8 24. Qb2 Nd6 25. Nxd6 Qxd6 26. Rad1 axb4 27. Bxb4 Nc5 28.
Ng2 Bd7 29. Ne3 b5 30. Rc1 f5 31. Red1 f4 32. Bg4 Bxg4 33. Nxg4 Na4 34. Qb3 Qd7
35. d6+ Kh7 36. f3 Nb6 37. gxf4 exf4 38. Rxc8 Rxc8 39. Re1 Re8 40. Re7 Rxe7 41.
dxe7 Nc4 42. a4 h5 43. Nf2 Bd4 44. axb5 Ne5 45. Bd6 Qh3 46. Bxe5 Bxf2+ 47. Kxf2
Qxh2+ 48. Ke1 Qg1+ 49. Kd2 Qf2+ 50. Kd1 Qf1+ 51. Kc2 Qe2+ 52. Kb1 Qe1+ 53. Ka2
Qe2+ 54. Ka3 Qxe5 55. Qf7+ Kh6 56. e8=Q Qa1+ 57. Kb4 Qb2+ 58. Ka5 1-0

[Event "Calgary int."]
[Site "Calgary CAN"]
[Date "2009.05.14"]
[Round "1"]
[White "Kaminski, Victor"]
[Black "Porper, Edward"]
[Result "0-1"]
[WhiteElo "2244"]
[BlackElo "2435"]
[PlyCount "110"]
[EventDate "2009.05.14"]
[EventType "swiss"]
[EventRounds "9"]
[EventCountry "CAN"]

1. c4 e5 2. Nc3 Nf6 3. g3 d5 4. cxd5 Nxd5 5. Bg2 Nb6 6. Nf3 Nc6 7. O-O Be7 8.
d3 O-O 9. Bd2 Be6 10. Na4 f5 11. Nxb6 axb6 12. a3 Bf6 13. Qc2 Na5 14. Bc3 Nb3
15. Rae1 Nd4 16. Bxd4 exd4 17. e3 dxe3 18. Rxe3 Bd5 19. Rfe1 Ra5 20. d4 g6 21.
Ne5 Bxg2 22. Kxg2 Rd5 23. Nf3 Qd7 24. Rc3 c6 25. Qb3 Qd8 26. Rce3 Kg7 27. Re6
Rb5 28. Qc2 Qd5 29. a4 Rb4 30. R6e3 Rxd4 31. Kg1 Rc4 32. Qb3 Qc5 33. Ne5 Rb4
34. Qd3 Qd4 35. Qxd4 Rxd4 36. Rb3 Re8 37. f4 Bd8 38. a5 b5 39. Ra1 Bc7 40. a6
Ra8 41. Rba3 Bxe5 42. fxe5 Ra7 43. axb7 Rxb7 44. Ra7 Rdd7 45. Rxb7 Rxb7 46. Rc1
Rc7 47. b4 Kf7 48. Kf2 Ke6 49. Rc5 Kd7 50. Kf3 Ra7 51. Kf4 h6 52. e6+ Kd6 53.
h4 Ra4 54. e7 Rxb4+ 55. Kf3 Re4 0-1

[Event "Calgary int."]
[Site "Calgary CAN"]
[Date "2009.05.15"]
[Round "2"]
[White "Porper, Edward"]
[Black "O'Donnell, Tom"]
[Result "1-0"]
[WhiteElo "2435"]
[BlackElo "2370"]
[PlyCount "73"]
[EventDate "2009.05.14"]
[EventType "swiss"]
[EventRounds "9"]
[EventCountry "CAN"]

1. d4 d5 2. c4 dxc4 3. Nf3 c6 4. e3 Be6 5. Qc2 Nf6 6. Bxc4 Bxc4 7. Qxc4 Nbd7 8.
Nc3 e6 9. O-O Be7 10. e4 O-O 11. Bg5 h6 12. Bf4 Rc8 13. Rad1 b5 14. Qe2 b4 15.
Na4 Qa5 16. b3 Nb6 17. Nc5 Qb5 18. Rfe1 Rfd8 19. Rc1 Qxe2 20. Rxe2 g5 21. Be3
Bxc5 22. dxc5 Na8 23. Nd2 Nc7 24. h4 Ng4 25. Nc4 Nb5 26. Bd2 gxh4 27. Bxb4 Rd3
28. f3 Nf6 29. Ne5 Rd4 30. Be1 Nh5 31. a4 f6 32. Nxc6 Rxc6 33. axb5 Rc8 34. Kh2
Nf4 35. Rd2 Rd3 36. c6 Rxb3 37. Rcd1 1-0

[Event "Calgary int."]
[Site "Calgary CAN"]
[Date "2009.05.15"]
[Round "3"]
[White "Castellanos, Renier"]
[Black "Porper, Edward"]
[Result "1/2-1/2"]
[WhiteElo "2446"]
[BlackElo "2435"]
[PlyCount "95"]
[EventDate "2009.05.14"]
[EventType "swiss"]
[EventRounds "9"]
[EventCountry "CAN"]

1. e4 c5 2. Nf3 Nc6 3. d4 cxd4 4. Nxd4 Qc7 5. Nc3 e6 6. Be3 Nf6 7. a3 a6 8. f4
d6 9. Be2 Be7 10. g4 Nxd4 11. Qxd4 e5 12. Qd2 exf4 13. Bxf4 Be6 14. O-O-O Rc8
15. g5 Nd7 16. Rhg1 Ne5 17. h4 b5 18. Kb1 Qc5 19. Be3 Nc4 20. Bxc4 Qxc4 21. Bd4
O-O 22. Bf6 Bd8 23. Bxd8 Rfxd8 24. Qd4 Kf8 25. Rg3 Qxd4 26. Rxd4 Rc4 27. Rgd3
Ke7 28. b3 Rxd4 29. Rxd4 f6 30. gxf6+ Kxf6 31. a4 Ke5 32. Rb4 Rc8 33. Kb2 bxa4
34. Rxa4 Rc6 35. Na2 Rb6 36. Nc1 Kf4 37. Nd3+ Kg3 38. e5 dxe5 39. Nxe5 h5 40.
c4 Bg4 41. c5 Re6 42. Nxg4 hxg4 43. Rd4 Rc6 44. b4 a5 45. Rd6 Rc7 46. Kb3 axb4
47. Kxb4 Kxh4 48. Kb5 1/2-1/2

[Event "Calgary int."]
[Site "Calgary CAN"]
[Date "2009.05.16"]
[Round "4"]
[White "Porper, Edward"]
[Black "Kovalyov, Anton"]
[Result "0-1"]
[WhiteElo "2435"]
[BlackElo "2101"]
[PlyCount "70"]
[EventDate "2009.05.14"]
[EventType "swiss"]
[EventRounds "9"]
[EventCountry "CAN"]

1. Nf3 Nf6 2. c4 e6 3. Nc3 Bb4 4. Qc2 c5 5. a3 Ba5 6. g3 Nc6 7. Bg2 O-O 8. O-O
d6 9. e3 e5 10. d4 cxd4 11. exd4 Bxc3 12. Qxc3 e4 13. Nd2 d5 14. c5 a5 15. Nb1
a4 16. Bf4 Bd7 17. Nd2 Re8 18. f3 exf3 19. Bxf3 Bh3 20. Rfe1 Qd7 21. Nf1 Bf5
22. Rad1 Ne4 23. Qc1 Bg4 24. Bxe4 Bxd1 25. Qxd1 dxe4 26. d5 Na5 27. d6 Qf5 28.
Qc2 Nb3 29. Ne3 Qxc5 30. Qxc5 Nxc5 31. Nd5 Nd3 32. Rd1 Nxf4 33. gxf4 Red8 34.
d7 Kf8 35. Rc1 Rxd7 0-1

[Event "Calgary int."]
[Site "Calgary CAN"]
[Date "2009.05.16"]
[Round "5"]
[White "Porper, Edward"]
[Black "Kustar, Sandor"]
[Result "1-0"]
[WhiteElo "2435"]
[BlackElo "2335"]
[PlyCount "71"]
[EventDate "2009.05.14"]
[EventType "swiss"]
[EventRounds "9"]
[EventCountry "CAN"]

1. d4 Nf6 2. c4 e6 3. Nf3 c5 4. d5 exd5 5. cxd5 d6 6. Nc3 g6 7. h3 Qe7 8. e4
Bg7 9. Bd3 O-O 10. O-O Nbd7 11. Bf4 a6 12. a4 Rb8 13. Re1 Ne8 14. Qd2 Ne5 15.
Be2 Bd7 16. Rab1 b5 17. Nxe5 dxe5 18. Be3 Qd6 19. axb5 Bxb5 20. Bxb5 axb5 21.
b4 cxb4 22. Na2 f5 23. Nxb4 Nf6 24. exf5 gxf5 25. Qc2 Qd7 26. Qc6 Qf7 27. Rbc1
f4 28. Bc5 Rfe8 29. Bd6 Rbd8 30. Bc7 Nxd5 31. Bxd8 Nxb4 32. Qxb5 Nd5 33. Red1
Rxd8 34. Rc5 f3 35. Rcxd5 Rf8 36. Rd8 1-0

[Event "Calgary int."]
[Site "Calgary CAN"]
[Date "2009.05.17"]
[Round "6"]
[White "Pechenkin, Vladimir"]
[Black "Porper, Edward"]
[Result "0-1"]
[WhiteElo "2312"]
[BlackElo "2435"]
[PlyCount "140"]
[EventDate "2009.05.14"]
[EventType "swiss"]
[EventRounds "9"]
[EventCountry "CAN"]

1. f4 c5 2. Nf3 Nc6 3. e3 g6 4. d4 cxd4 5. exd4 d5 6. c3 Nf6 7. Bd3 Bf5 8. Bxf5
gxf5 9. O-O e6 10. Ne5 Qc7 11. Be3 Rg8 12. Nd2 Bd6 13. Qe2 Ng4 14. Bf2 Nxf2 15.
Rxf2 O-O-O 16. Nf1 Nxe5 17. fxe5 Be7 18. Qh5 Rg7 19. Rc1 Bg5 20. Rcc2 Qc4 21.
b3 Qd3 22. Qf3 Qxf3 23. Rxf3 Kb8 24. Ng3 Rgg8 25. Kf1 Rd7 26. Nh5 Bd8 27. Rh3
h6 28. Rf2 Rc7 29. Ke2 Rc6 30. Kd3 b5 31. Nf4 Bg5 32. Ne2 Rgc8 33. Kc2 b4 34.
Rff3 a5 35. Rh5 Rg8 36. Rg3 Rg6 37. Rd3 Be7 38. g3 Bf8 39. Rh4 Kb7 40. Kb2 Kb6
41. Nf4 Rg8 42. Ne2 Rc8 43. Rf3 Kc6 44. Rf1 Kb5 45. cxb4 axb4 46. Rc1 Rxc1 47.
Nxc1 Rg6 48. Ne2 Be7 49. Rf4 Rg8 50. Rf2 Bd8 51. a4+ bxa3+ 52. Kxa3 Be7+ 53.
Kb2 Rg4 54. Rf4 Rg8 55. Rf1 h5 56. h4 Bb4 57. Kc2 Ba5 58. Kd3 Kb4 59. Ra1 Rg4
60. Ra4+ Kb5 61. Ra1 f4 62. Rg1 f3 63. Nf4 f2 64. Rf1 Rxg3+ 65. Ke2 Be1 66.
Nxh5 Rg4 67. Ke3 Rxh4 68. Nf4 Bd2+ 69. Kxd2 Rxf4 70. Ke3 Rf5 0-1

[Event "Calgary int."]
[Site "Calgary CAN"]
[Date "2009.05.18"]
[Round "8"]
[White "Porper, Edward"]
[Black "Gardner, Robert"]
[Result "1-0"]
[WhiteElo "2435"]
[BlackElo "2143"]
[PlyCount "69"]
[EventDate "2009.05.14"]
[EventType "swiss"]
[EventRounds "9"]
[EventCountry "CAN"]

1. d4 Nf6 2. c4 e6 3. Nf3 b6 4. g3 Bb7 5. Bg2 Be7 6. Nc3 Ne4 7. Bd2 c5 8. d5
Nxd2 9. Qxd2 exd5 10. cxd5 d6 11. O-O O-O 12. Rab1 Na6 13. a3 Bf6 14. e4 Re8
15. Rfe1 c4 16. Bf1 Rc8 17. Nb5 Rc5 18. a4 Nc7 19. Nc3 a6 20. b4 cxb3 21. Rxb3
Na8 22. Nd4 Qc7 23. Re3 Bg5 24. f4 Bf6 25. Na2 Rc8 26. Nb4 Qd7 27. Ndc6 a5 28.
Nd3 Bxc6 29. dxc6 R5xc6 30. Ne1 Rc1 31. e5 Be7 32. Rbd3 d5 33. Rxd5 Qxa4 34.
Bh3 Bc5 35. Qxc1 1-0

[Event "Calgary int."]
[Site "Calgary CAN"]
[Date "2009.05.18"]
[Round "9"]
[White "Haessel, Dale"]
[Black "Porper, Edward"]
[Result "0-1"]
[WhiteElo "2203"]
[BlackElo "2435"]
[PlyCount "74"]
[EventDate "2009.05.14"]
[EventType "swiss"]
[EventRounds "9"]
[EventCountry "CAN"]

1. d4 d5 2. Nf3 c6 3. c4 e6 4. Qc2 dxc4 5. Qxc4 b5 6. Qc2 Bb7 7. g3 Nd7 8. Bg2
c5 9. dxc5 Bxc5 10. O-O Ngf6 11. a3 O-O 12. Nc3 a6 13. b4 Be7 14. Bb2 Rc8 15.
Rfd1 Qc7 16. Rac1 Nb6 17. Nd2 Bxg2 18. Kxg2 Qe5 19. Qb3 Qh5 20. h3 Rfd8 21. Nf3
Nc4 22. Ba1 Nd5 23. Nxd5 Rxd5 24. a4 Rcd8 25. Bc3 Qf5 26. axb5 axb5 27. Rxd5
Qxd5 28. Qc2 h6 29. Ra1 Qc6 30. Kg1 Nb6 31. Qb2 Na4 32. Rxa4 bxa4 33. Bxg7 a3
34. Qa1 Qc2 35. Kg2 Rd1 36. Qe5 Bd6 37. Qf6 Qg6 0-1

[Event "Alberta Closed"]
[Site "Edmonton CAN"]
[Date "2009.04.10"]
[Round "1"]
[White "Porper, Edward"]
[Black "Reeve, Jeff"]
[Result "1-0"]
[WhiteElo "2435"]
[BlackElo "2241"]
[PlyCount "101"]
[EventDate "2009.04.10"]
[EventType "tourn"]
[EventRounds "5"]
[EventCountry "CAN"]

1. d4 Nf6 2. c4 g6 3. Nc3 Bg7 4. e4 d6 5. Be2 O-O 6. Nf3 e5 7. d5 a5 8. Bg5 h6
9. Be3 Ng4 10. Bc1 f5 11. O-O Na6 12. exf5 gxf5 13. g3 Qe8 14. Nh4 Nf6 15. f4
e4 16. Be3 Bd7 17. h3 Kh7 18. Rc1 Rg8 19. Kh2 Bh8 20. Nb5 b6 21. Nd4 Qc8 22.
Rg1 Rg7 23. Rg2 Nc5 24. Qd2 Ng8 25. Rcg1 Ne7 26. g4 Qf8 27. g5 Be8 28. gxh6
Rxg2+ 29. Rxg2 Qf6 30. Rg5 Bd7 31. Ng2 Rg8 32. h4 Rg6 33. b3 Rxh6 34. a3 a4 35.
bxa4 Bxa4 36. Bd1 Bxd1 37. Qxd1 Qf7 38. Nb5 Nd3 39. Nxc7 Ng6 40. Ne6 Bf6 41. h5
Kh8 42. Rg3 Nh4 43. Nxh4 Bxh4 44. Rh3 Rxh5 45. Bd4+ Kg8 46. Qg1+ Kh7 47. Qg7+
Qxg7 48. Nxg7 Bg3+ 49. Kxg3 Rxh3+ 50. Kxh3 Nxf4+ 51. Kh2 1-0

[Event "Alberta Closed"]
[Site "Edmonton CAN"]
[Date "2009.04.11"]
[Round "2"]
[White "Huber, Greg"]
[Black "Porper, Edward"]
[Result "0-1"]
[WhiteElo "2245"]
[BlackElo "2435"]
[PlyCount "60"]
[EventDate "2009.04.10"]
[EventType "tourn"]
[EventRounds "5"]
[EventCountry "CAN"]

1. e4 d6 2. Nc3 e5 3. f4 exf4 4. Bc4 Nf6 5. d3 Be7 6. Bxf4 O-O 7. Nf3 c6 8. O-O
a5 9. a3 Nbd7 10. Qd2 Nc5 11. Kh1 Be6 12. Bxe6 Nxe6 13. Bg3 d5 14. exd5 Nxd5
15. Ne5 Bg5 16. Qf2 f5 17. Nxd5 Qxd5 18. Qf3 Rad8 19. Rae1 Nd4 20. Qxd5+ Rxd5
21. c4 Rdd8 22. Nf3 Bf6 23. Be5 Nxf3 24. Rxf3 Rfe8 25. Bg3 g6 26. b3 Bc3 27.
Rd1 Re2 28. Rf2 Rxd3 29. Rc1 Rxf2 30. Bxf2 Bb2 0-1

[Event "Alberta Closed"]
[Site "Edmonton CAN"]
[Date "2009.04.11"]
[Round "3"]
[White "Porper, Edward"]
[Black "Pechenkin, Vladimir"]
[Result "1-0"]
[WhiteElo "2435"]
[BlackElo "2312"]
[PlyCount "75"]
[EventDate "2009.04.10"]
[EventType "tourn"]
[EventRounds "5"]
[EventCountry "CAN"]

1. d4 f5 2. Nc3 d5 3. Bf4 c6 4. e3 Nf6 5. Bd3 e6 6. h3 Be7 7. Nf3 O-O 8. O-O
Ne4 9. Ne2 Nd7 10. c4 Bf6 11. Ne1 Qe7 12. Bh2 Kh8 13. Nc2 b6 14. b4 c5 15. bxc5
bxc5 16. Rb1 Nb6 17. cxd5 exd5 18. dxc5 Qxc5 19. Ncd4 Bd7 20. Bb5 Bxb5 21. Rxb5
Qc4 22. Rb2 Qa6 23. Nf4 g6 24. Nfe6 Na4 25. Rc2 Nac3 26. Qe1 Rfe8 27. f3 Rxe6
28. Nxe6 Qd3 29. Rb2 Na4 30. Rb3 Nec3 31. Nf4 Qc4 32. Qd2 Re8 33. Re1 Nc5 34.
Ra3 a6 35. Ne2 Nb5 36. Rc1 Nxa3 37. Rxc4 dxc4 38. Qb4 1-0

[Event "Alberta Closed"]
[Site "Edmonton CAN"]
[Date "2009.04.12"]
[Round "5"]
[White "Gardner, Robert"]
[Black "Porper, Edward"]
[Result "0-1"]
[WhiteElo "2143"]
[BlackElo "2435"]
[PlyCount "42"]
[EventDate "2009.04.10"]
[EventType "tourn"]
[EventRounds "5"]
[EventCountry "CAN"]

1. f4 c5 2. Nf3 Nc6 3. e3 g6 4. Be2 Bg7 5. O-O d5 6. d3 b5 7. Qe1 b4 8. e4 e6
9. g4 Bb7 10. e5 Nge7 11. Be3 d4 12. Bf2 Nd5 13. Qc1 f6 14. c4 bxc3 15. bxc3
fxe5 16. fxe5 Nxe5 17. Nxe5 Bxe5 18. cxd4 cxd4 19. Qh6 Nf4 20. Bd1 Qd5 21. Ba4+
Kf7 0-1

[Event "Edmonton ch"]
[Site "Edmonton CAN"]
[Date "2009.01.08"]
[Round "1.1"]
[White "Sponga, George"]
[Black "Porper, Edward"]
[Result "0-1"]
[WhiteElo "1696"]
[BlackElo "2452"]
[PlyCount "68"]
[EventDate "2009.01.08"]
[EventType "k.o."]
[EventRounds "4"]
[EventCountry "CAN"]

1. f4 c5 2. Nf3 Nc6 3. e3 g6 4. Bb5 Bg7 5. c3 Nf6 6. Bxc6 bxc6 7. O-O O-O 8.
Qe2 Qc7 9. Na3 a5 10. Rd1 Ba6 11. c4 d5 12. Rb1 Nd7 13. d3 e5 14. b3 Rfe8 15.
Qd2 Re7 16. fxe5 Nxe5 17. Rf1 Ng4 18. Nc2 Bh6 19. Re1 d4 20. h3 Nxe3 21. Qf2
Rae8 22. Qh4 Nf5 23. Qf2 Rxe1+ 24. Nfxe1 Bxc1 25. Rxc1 Ng3 26. Rd1 Bc8 27. Rd2
Bf5 28. Qf3 h5 29. h4 Bg4 30. Qf2 Ne2+ 31. Kh1 Re6 32. Nf3 Bxf3 33. gxf3 Ng3+
34. Kg2 Nf5 0-1

[Event "Edmonton ch"]
[Site "Edmonton CAN"]
[Date "2009.01.15"]
[Round "1.2"]
[White "Porper, Edward"]
[Black "Sponga, George"]
[Result "1-0"]
[WhiteElo "2452"]
[BlackElo "1696"]
[PlyCount "59"]
[EventDate "2009.01.08"]
[EventType "k.o."]
[EventRounds "4"]
[EventCountry "CAN"]

1. d4 e6 2. c4 g6 3. e4 Bg7 4. Nf3 d6 5. Nc3 Ne7 6. Bg5 f6 7. Be3 O-O 8. Qd2
Rf7 9. Be2 Nd7 10. O-O b6 11. c5 Nf8 12. cxd6 cxd6 13. Rac1 a6 14. Qc2 Bb7 15.
Qb3 d5 16. e5 b5 17. exf6 Bxf6 18. a4 Nf5 19. axb5 Nxe3 20. fxe3 a5 21. Na4 Nd7
22. Nc5 Nxc5 23. dxc5 Be7 24. c6 Bc8 25. b6 Ba6 26. Bxa6 Rxa6 27. c7 Rxb6 28.
cxd8=Q+ Bxd8 29. Qa4 Rb4 30. Qe8+ 1-0

[Event "Edmonton ch"]
[Site "Edmonton CAN"]
[Date "2009.01.22"]
[Round "2.1"]
[White "Sequillion, Aaron"]
[Black "Porper, Edward"]
[Result "0-1"]
[WhiteElo "1907"]
[BlackElo "2452"]
[PlyCount "68"]
[EventDate "2009.01.08"]
[EventType "k.o."]
[EventRounds "4"]
[EventCountry "CAN"]

1. e4 d6 2. d4 Nf6 3. Nc3 e5 4. dxe5 dxe5 5. Qxd8+ Kxd8 6. Nf3 Bd6 7. Be3 h6 8.
O-O-O Ke7 9. Bc4 Be6 10. Nd5+ Bxd5 11. exd5 Nbd7 12. Rhe1 Rhe8 13. Nh4 Kf8 14.
Nf5 a6 15. Nxd6 cxd6 16. Bb3 Rac8 17. f3 Nh5 18. Kb1 Nf4 19. Rd2 Nc5 20. g3 Ng6
21. Bxc5 Rxc5 22. c3 f5 23. Bc2 Ne7 24. h4 Kf7 25. h5 Kf6 26. g4 Rc4 27. Bd1
fxg4 28. fxg4 Rf4 29. b3 Ng8 30. c4 Rc8 31. Be2 Kg5 32. a3 Nf6 33. Rg1 Rf2 34.
Rc2 Nxd5 0-1

[Event "Edmonton ch"]
[Site "Edmonton CAN"]
[Date "2009.01.27"]
[Round "2.2"]
[White "Porper, Edward"]
[Black "Sequillion, Aaron"]
[Result "1-0"]
[WhiteElo "2452"]
[BlackElo "1907"]
[PlyCount "53"]
[EventDate "2009.01.08"]
[EventType "k.o."]
[EventRounds "4"]
[EventCountry "CAN"]

1. d4 Nf6 2. c4 g6 3. Nc3 Bg7 4. e4 d6 5. Be2 O-O 6. Nf3 e5 7. d5 Nbd7 8. Bg5
Nc5 9. b4 Na6 10. a3 c5 11. dxc6 bxc6 12. Qd2 Qc7 13. Rd1 Ne8 14. O-O Bb7 15.
c5 dxc5 16. Bd8 Qc8 17. Be7 cxb4 18. axb4 Qc7 19. Qd7 Bc8 20. Qxc7 Nexc7 21.
Bxf8 Kxf8 22. b5 cxb5 23. Nxb5 Nxb5 24. Bxb5 Rb8 25. Rd8+ Ke7 26. Re8+ Kd6 27.
Bxa6 1-0

[Event "Edmonton ch"]
[Site "Edmonton CAN"]
[Date "2009.02.05"]
[Round "3.1"]
[White "Hughey, Micah"]
[Black "Porper, Edward"]
[Result "1/2-1/2"]
[WhiteElo "2152"]
[BlackElo "2452"]
[PlyCount "55"]
[EventDate "2009.01.08"]
[EventType "k.o."]
[EventRounds "4"]
[EventCountry "CAN"]

1. e4 d6 2. d4 Nf6 3. Nc3 e5 4. dxe5 dxe5 5. Qxd8+ Kxd8 6. Bg5 Be6 7. f4 exf4
8. Nf3 Kc8 9. O-O-O Bb4 10. Nd5 Bxd5 11. exd5 Ng4 12. Bd3 g6 13. Rdf1 Bd6 14.
Nd2 Ne3 15. Rf2 Nd7 16. Bxf4 Bxf4 17. Rxf4 Ne5 18. Be4 Rd8 19. Re1 Nxd5 20. Rh4
h5 21. Bf5+ Nd7 22. Rd4 N5f6 23. Bh3 Ng4 24. Bxg4 hxg4 25. Rxg4 a5 26. Re7 Ra6
27. Nf3 Rf6 28. Rh4 1/2-1/2

[Event "Edmonton ch"]
[Site "Edmonton CAN"]
[Date "2009.02.19"]
[Round "4.1"]
[White "Pechenkin, Vladimir"]
[Black "Porper, Edward"]
[Result "0-1"]
[WhiteElo "2310"]
[BlackElo "2452"]
[PlyCount "80"]
[EventDate "2009.01.08"]
[EventType "k.o."]
[EventRounds "4"]
[EventCountry "CAN"]

1. f4 Nf6 2. Nf3 g6 3. g3 Bg7 4. Bg2 O-O 5. d3 d5 6. O-O c6 7. Qe1 Qb6+ 8. e3
Nbd7 9. Kh1 Ng4 10. Nc3 Qc5 11. h3 Ngf6 12. g4 b5 13. a3 a5 14. e4 e6 15. e5
Ne8 16. d4 Qe7 17. f5 exf5 18. gxf5 f6 19. Nh4 fxe5 20. Nxd5 Qd6 21. Nc3 exd4
22. Nxb5 Qc5 23. Qe6+ Kh8 24. Qxc6 Rb8 25. a4 Qe7 26. Bf4 Bb7 27. Nxg6+ hxg6
28. Qxg6 Bxg2+ 29. Qxg2 Rc8 30. Bg5 Qc5 31. Qf3 Nef6 32. c3 Ne5 33. Qg2 d3 34.
Nd4 Qd5 35. Qxd5 Nxd5 36. Rae1 Nc4 37. Ne6 Rf7 38. b3 d2 39. Re4 Nxc3 40. Rh4+
Kg8 0-1

[Event "Edmonton ch"]
[Site "Edmonton CAN"]
[Date "2009.02.26"]
[Round "4.2"]
[White "Porper, Edward"]
[Black "Pechenkin, Vladimir"]
[Result "1-0"]
[WhiteElo "2452"]
[BlackElo "2310"]
[PlyCount "95"]
[EventDate "2009.01.08"]
[EventType "k.o."]
[EventRounds "4"]
[EventCountry "CAN"]

1. d4 f5 2. Nc3 d5 3. Bg5 c6 4. e3 Qb6 5. Rb1 Nd7 6. Bd3 g6 7. h4 Bg7 8. h5 h6
9. Bf4 g5 10. Bh2 e6 11. Nf3 Ngf6 12. Bd6 Ne4 13. Bxe4 fxe4 14. Ne5 Nxe5 15.
dxe5 Bf8 16. O-O Bxd6 17. exd6 Bd7 18. b4 O-O-O 19. a4 e5 20. Qe2 Be6 21. Rfd1
Rxd6 22. Nxe4 Rdd8 23. Nc5 Bf5 24. e4 dxe4 25. Nxe4 Qc7 26. Ng3 Bh7 27. Rxd8+
Rxd8 28. Re1 Rd5 29. Ne4 Qe7 30. c3 a5 31. b5 cxb5 32. axb5 Bxe4 33. Qxe4 Rxb5
34. Qg6 a4 35. Qxh6 a3 36. Qg6 Kc7 37. h6 Rb6 38. Qg7 Qxg7 39. hxg7 Rg6 40.
Rxe5 Rxg7 41. Ra5 Kb6 42. Rxa3 Kc5 43. Ra4 Rf7 44. f3 Rf4 45. Rxf4 gxf4 46. g3
fxg3 47. f4 Kc4 48. Kg2 1-0

[Event "Korbach op-A"]
[Site "Korbach GER"]
[Date "2007.10.11"]
[Round "1.1"]
[White "Porper, Edward"]
[Black "Hagenauer, Joerg"]
[Result "1-0"]
[WhiteElo "2474"]
[BlackElo "1975"]
[PlyCount "77"]
[EventDate "2007.10.11"]
[EventType "swiss"]
[EventRounds "7"]
[EventCountry "GER"]
[Source "ChessBase"]
[SourceDate "2008.11.26"]

1. d4 d5 2. c4 e6 3. Nc3 Nf6 4. cxd5 exd5 5. Bg5 Be7 6. e3 c6 7. Qc2 Nbd7 8.
Bd3 O-O 9. Nge2 Re8 10. O-O Nf8 11. f3 b6 12. e4 Bb7 13. e5 N6d7 14. Bxe7 Qxe7
15. f4 f6 16. Ng3 g6 17. f5 fxe5 18. fxg6 e4 19. Ngxe4 hxg6 20. Nd2 Qe3+ 21.
Kh1 Re6 22. Nf3 Rae8 23. Rae1 Qh6 24. Qf2 Qf4 25. Rxe6 Rxe6 26. Qc2 Qh6 27. b4
Re7 28. Qa4 Qf4 29. Qxa7 Qc7 30. Ba6 Nf6 31. Qxb7 Qxb7 32. Bxb7 Rxb7 33. Ne5
Ne4 34. Nxe4 dxe4 35. Nxc6 b5 36. Re1 Rc7 37. d5 Rd7 38. Rxe4 Kf7 39. Ne5+ 1-0

[Event "Korbach op-A"]
[Site "Korbach GER"]
[Date "2007.10.12"]
[Round "2.1"]
[White "Sergin, Mark"]
[Black "Porper, Edward"]
[Result "0-1"]
[WhiteElo "2094"]
[BlackElo "2474"]
[PlyCount "82"]
[EventDate "2007.10.11"]
[EventType "swiss"]
[EventRounds "7"]
[EventCountry "GER"]
[Source "ChessBase"]
[SourceDate "2008.11.26"]

1. e4 d6 2. d4 Nf6 3. Nc3 e5 4. dxe5 dxe5 5. Qxd8+ Kxd8 6. Bc4 Be6 7. Bxe6 fxe6
8. Be3 Bd6 9. f3 Ke7 10. O-O-O a6 11. Nh3 Nbd7 12. Nf2 b5 13. Rd2 Rab8 14. Rhd1
Nb6 15. b3 Nbd7 16. Kb2 Rhc8 17. a4 h6 18. axb5 axb5 19. Ra1 b4 20. Na4 c5 21.
Rad1 Rc6 22. Nd3 Ra8 23. Nc1 c4 24. Kb1 c3 25. Rd3 Rb8 26. Ne2 Rb5 27. g4 Ra6
28. h4 Nh7 29. g5 hxg5 30. hxg5 Nhf8 31. Rh1 Bc5 32. Kc1 Bxe3+ 33. Rxe3 Nc5 34.
Kd1 Nxa4 35. bxa4 Rxa4 36. Nc1 Ra1 37. Ke2 Rb1 38. Rd1 Rb2 39. Kd3 Rb8 40. Ree1
Rc8 41. Nb3 Ng6 0-1

[Event "Korbach op-A"]
[Site "Korbach GER"]
[Date "2007.10.12"]
[Round "3.1"]
[White "Porper, Edward"]
[Black "Mueller, Maximilian"]
[Result "1/2-1/2"]
[WhiteElo "2474"]
[BlackElo "2325"]
[PlyCount "109"]
[EventDate "2007.10.11"]
[EventType "swiss"]
[EventRounds "7"]
[EventCountry "GER"]
[Source "ChessBase"]
[SourceDate "2008.11.26"]

1. d4 d5 2. c4 dxc4 3. Nf3 Nf6 4. e3 c5 5. Bxc4 e6 6. O-O a6 7. dxc5 Qxd1 8.
Rxd1 Bxc5 9. Be2 Nc6 10. Nbd2 O-O 11. Ne1 e5 12. Nd3 Bd6 13. Nc4 Bc7 14. b3 e4
15. Nf4 b5 16. Nd6 Rd8 17. Nxc8 Rxd1+ 18. Bxd1 Be5 19. Rb1 Rxc8 20. Bd2 Rd8 21.
Be1 Bxf4 22. exf4 Nd5 23. g3 Ndb4 24. a3 Nd3 25. Bc3 a5 26. a4 b4 27. Ba1 Nb8
28. Kf1 Na6 29. Ke2 Nac5 30. f3 Re8 31. fxe4 Rxe4+ 32. Kd2 f6 33. Be2 Re7 34.
Bd4 Rd7 35. Ke3 Re7+ 36. Kf3 Rd7 37. Bxc5 Nxc5 38. Rd1 Rc7 39. Rc1 Kf8 40. Rc4
Ke8 41. Kg4 Ke7 42. h4 g6 43. h5 f5+ 44. Kh4 Kf6 45. g4 Ne6 46. Rxc7 Nxc7 47.
hxg6 hxg6 48. Bc4 Ne6 49. g5+ Ke7 50. Kg3 Kd6 51. Kf3 Ke7 52. Ke3 Kd6 53. Bxe6
Kxe6 54. Kd4 Kd6 55. Kc4 1/2-1/2